La formación del contrato a través de medios electrónicos en el marco de la comunidad andina (Registro nro. 162454)

Detalles MARC
000 -LEADER
fixed length control field 01212nam a22002657a 4500
007 - PHYSICAL DESCRIPTION FIXED FIELD--GENERAL INFORMATION
fixed length control field cr|||| ||||
008 - FIXED-LENGTH DATA ELEMENTS--GENERAL INFORMATION
fixed length control field 130328e2012 ck |||||s|||| 00||0 spa d
020 ## - INTERNATIONAL STANDARD BOOK NUMBER
International Standard Book Number 978-958-8745-40-4
035 ## -
-- 10935
040 ## - CATALOGING SOURCE
Original cataloging agency vLex
090 ## -
-- 4084
-- 4084
100 10 - MAIN ENTRY--PERSONAL NAME
Personal name Hernández Martínez, William David
245 13 - TITLE STATEMENT
Title La formación del contrato a través de medios electrónicos en el marco de la comunidad andina
Statement of responsibility, etc / William David Hernández Martínez
Medium [Recurso electrónico]
256 ## -
-- Servicio en línea
260 ## - PUBLICATION, DISTRIBUTION, ETC. (IMPRINT)
Place of publication, distribution, etc Bogotá :
Name of publisher, distributor, etc Universidad Sergio Arboleda,
Date of publication, distribution, etc 2012
300 ## - PHYSICAL DESCRIPTION
Extent 1 Recurso electrónico
506 ## - RESTRICTIONS ON ACCESS NOTE
Terms governing access Contenido solo disponible en los productos indicados
Authorized users vLex Global
-- vLex Global (Academic Edition, excluding Law Schools)
-- vLex Global (U.S. Academic Edition, Law Schools)
-- vLex Global (U.S. Academic Edition, excluding Law Schools)
-- vLex Global (Academic Edition, Law Schools)
650 04 - SUBJECT ADDED ENTRY--TOPICAL TERM
Topical term or geographic name as entry element Derecho de las nuevas tecnologías
Geographic subdivision Colombia
650 04 - SUBJECT ADDED ENTRY--TOPICAL TERM
Topical term or geographic name as entry element Comercio electrónico
Geographic subdivision Colombia
650 04 - SUBJECT ADDED ENTRY--TOPICAL TERM
Topical term or geographic name as entry element E-Commerce
Geographic subdivision Colombia
740 ## -
-- vLex Libros (Servicios en línea)
856 ## - LOCALIZACIÓN Y ACCESO ELECTRÓNICO
Host name Acceso restringido
Identificador Uniforme del Recurso (URI/URL) http://www.vlex.com/source/10935
942 ## -
-- RAA
999 ## -
-- 162454
-- 162454

No hay ítems disponibles.


CONTACTO


NOSOTROS


SITIOS DE INTERES

coordinacion.biblioteca.biblioteca@unienlinea.mx Misión, Visión y Objetivos Bases de datos
Directorio Bibliotecas Digitales y Repositorios
Normatividad Revistas y artículos
Convenios interbibliotecarios
Boletines



Hecho en México. Universidad Insurgentes (UIN). Todos los derechos reservados 2024. Esta página y sus contenidos pueden ser reproducidos con fines no lucrativos, siempre y cuando no se mutile, se cite la fuente completa y su dirección electrónicas. De otra forma requiere permiso previo por escrito de la institución




2024 Copyright Universidad Insurgentes | www.bibliouin.com.mx